000 00506nam a22001937a 4500
003 OSt
005 20151029114644.0
008 130624t xxu||||| |||| 00| 0 eng d
020 _a0028629051
050 _aPR 2976
_b.R893 1999
082 _aIB 822.33
_bR81 1999
100 _aRozakis, Laurie
245 _aThe complete idiot's guide to shakespeare /
_bRozakis, Laurie
260 _aUSA :
_bAlpha,
_cc1999.
300 _axv, 380 p. :
_c23 cm.
562 _e1
942 _2lcc
_cBK
999 _c3054
_d3054